• 首页
  • 本馆介绍
  • 公告通知
  • 最新文献
  • 馆藏检索
  • 电子资源
  • 读者导购
  • 参考咨询
  • 我的图书馆
  • 登录
  • 详细信息显示
  • 放入我的书架
  • 预约/预借图书
  • 作者相关作品
  • 分类相关作品
  • 丛书相关作品
  • 出版社相关作品

书目信息

  • 表格格式
  • 工作单格式
  • 卡片格式
题名:
汤显祖与明代戏剧
    
 
作者: 刘巍巍 编著
分册:  
出版信息: 长春   吉林文史出版社  2018重印
页数: 133页
开本: 22cm
丛书名: 中国文化知识读本
单 册:
中图分类: I207.37 , K825.6=48
科图分类:
主题词: 戏剧文学--Xi Ju Wen Xue--文学评论--中国--明代 , 作家--Zuo Jia--人物研究--中国--明代
电子资源:
ISBN: 978-7-5463-4987-9
000 01145nam 2200325 45
001 012001010865
005 20140104102609.0
010    @a978-7-5463-4987-9@dCNY34.80
099    @aCAL 012012160319
100    @a20120327d2011 em y0chiy50 ea
101 0  @achi
102    @aCN@b220000
105    @aaf z 000yy
106    @ar
200 1  @a汤显祖与明代戏剧@Atang xian zu yu ming dai xi ju@f编著刘巍巍
210    @a长春@c吉林文史出版社@d2018重印
215    @a133页@c图@d22cm
225 2  @a中国文化知识读本@Azhong guo wen hua zhi shi du ben
330    @a本书内容包括:明代戏剧发展、明传奇代表作家汤显祖、“临川四梦”、“四梦”代表作《牡丹亭》、汤显祖对后世的影响。
333    @a一般读者
410  0 @12001@a中国文化知识读本
600  0 @a汤显祖,@ATang Xian Zu ,@f1550-1616@x戏剧文学@x文学评论
600  0 @a汤显祖,@ATang Xian Zu ,@f1550-1616@x人物研究
606 0  @a戏剧文学@AXi Ju Wen Xue@x文学评论@y中国@z明代
606 0  @a作家@AZuo Jia@x人物研究@y中国@z明代
690    @aI207.37@v4
690    @aK825.6=48@v4
701  0 @a刘巍巍@Aliu wei wei@4编著
801  2 @aCN@b上海新华@c20191020
905    @b1137220-3@dI207.37@e134@f4
    
    汤显祖与明代戏剧/编著刘巍巍.-长春:吉林文史出版社,2018重印
    133页:图;22cm.-(中国文化知识读本)
    使用对象:一般读者
    
    ISBN 978-7-5463-4987-9:CNY34.80
    本书内容包括:明代戏剧发展、明传奇代表作家汤显祖、“临川四梦”、“四梦”代表作《牡丹亭》、汤显祖对后世的影响。
●
相关链接 在E读中查询图书 在五车中查询图书 在当当中查询图书 在豆瓣中查询图书


正题名:汤显祖与明代戏剧     索取号:I207.37/134         预约/预借

序号 登录号 条形码 馆藏地/架位号 状态 备注
1 1137220   211372209   第一样本阅览室/ [索取号:I207.37/134] 在馆    
2 1137221   211372218   第二借阅区/ [索取号:I207.37/134] 在馆    
3 1137222   211372227   第二借阅区/ [索取号:I207.37/134] 在馆    
4 1137223   211372236   第二借阅区/ [索取号:I207.37/134] 在馆    
唐山师范学院图书馆 欢迎您!
大连网信软件有限公司© 版权所有